000 01198nam a2200325 i 4500
003 EG-GICUC
005 20260331220256.0
008 260331s1956 ua ||||fr|||| 00| 0 ara d
040 _a EG-GICUC
_bara
_c EG-GICUC
_d EG-GICUC
_erda
041 _aara
082 0 4 _221
_a341.84
_bج ا . ت
092 0 4 _221
099 _aLaw1 12 341.84 ج ا . ت 1956
100 1 _aجابر جاد عبدالرحمن
_eمؤلف.
245 _aتنازع القوانين /
_cجابر جاد عبدالرحمن .
264 _aالقاهرة :
_bمكتبة النهضة المصرية ,
_c1956.
300 _a646 ؛ صفحة
_c24 سم
_bإيضاحيات، صور، مثيليات ؛
336 _2rda content
_atext
337 _2rda media
_aComputer
338 _2rda carrier
_aOnline Resource
504 _a. 240-220 ببليوجرافيا: صفحات.
546 _aالنص باللغة العربية
650 1 _aتنازع القوانين
_2qrmak
650 1 _aالقانون الدولى
_2qrmak
650 1 _aالقانون الدولى الخاص
_2qrmak
651 1 _2qrmak
856 4 0 _uhttps://fll.law.cu.edu.eg/fulltext/bks/B12-02923.pdf
905 _a60
942 _2ddc
_cBK
_e21
_n0
999 _c68059
_d68059